Odgadnij grę po 1 Słowie - Statystyki

Ogólne statystyki
  • Ten quiz został rozwiązany 118 razy
  • Średni wynik to 3 z 5
Statystyki odpowiedzi
Słowo Gra % Poprawnych
Kwadrat Minecraft
94%
Bambik Fortnite
85%
Strzelanki CS:GO
71%
Brookhaven Roblox
54%
Pieniądz Coin Master
2%
Nie znaleziono quizów pasujących do podanych kryteriów
Rozkład punktacji
Procent ludzi z każdym wynikiem
Percentyl według liczby udzielonych odpowiedzi
Twoja historia wyników
Nie rozwiązałeś tego quizu